| 000 | 01078nam a2200277Ia 4500 | ||
|---|---|---|---|
| 001 | ebr10405183 | ||
| 003 | CaPaEBR | ||
| 006 | m u | ||
| 007 | cr cn||||||||| | ||
| 008 | 070418s2010 cm s 000 0 eng d | ||
| 020 | _z9789956616558 | ||
| 040 |
_aCaPaEBR _cCaPaEBR |
||
| 035 | _a(OCoLC)680618032 | ||
| 050 | 1 | 4 |
_aGR351 _b.S57 2010eb |
| 100 | 1 | _aSissao, Alain-Joseph. | |
| 245 | 1 | 0 |
_aFolktales from the moose of Burkina Faso _h[electronic resource] / _cAlain-Joseph Sissao; translated from the French by Nina Tanti. |
| 260 |
_aCameroon : _bLangaa RPCIG, _c2010. |
||
| 300 | _axvi, 118 p. | ||
| 533 |
_aElectronic reproduction. _bPalo Alto, Calif. : _cebrary, _d2010. _nAvailable via World Wide Web. _nAccess may be limited to ebrary affiliated libraries. |
||
| 650 | 0 |
_aFolklore _zCameroon. |
|
| 650 | 0 |
_aFairy tales _zCameroon. |
|
| 655 | 7 |
_aElectronic books. _2local |
|
| 700 | 1 | _aTanti, Nina. | |
| 710 | 2 | _aebrary, Inc. | |
| 856 | 4 | 0 |
_uhttp://site.ebrary.com/lib/rucke/Doc?id=10405183 _zAn electronic book accessible through the World Wide Web; click to view |
| 999 |
_c82214 _d82214 |
||